| 000 | 00391nam a2200157Ia 4500 | ||
|---|---|---|---|
| 008 | 210210b1994 xxu||||| |||| 00| 0 eng d | ||
| 041 | _aeng | ||
| 082 | _a801.95 RICP | ||
| 100 | _aRICHARDS (I A). | ||
| 245 | _aPractical criticism. | ||
| 260 |
_aN D _bUniversal Book Stall _c1994 |
||
| 300 | _axiii,370 | ||
| 650 | _aPractical Criticism | ||
| 690 | _aLiterary Criticism | ||
| 906 | _a050259 | ||
| 999 |
_c98812 _d98812 |
||